Reines de Sabà [Recurs electrònic] : indumentària tradicional de Yemen : de l'1 d'abril al 31 de desembre de 2004 indumentària tradicional de Yemen :
Descripción Física:
1 disc òptic (CD-ROM) ; 12 cm
Materias:
Teixits i tèxtils -- Yemen
MARC
| LEADER | 00000nam a2200000Ia 4500 | ||
|---|---|---|---|
| 001 | 22990 | ||
| 008 | 160829s2004 xx 000 0 cat d | ||
| 080 | |a CD-1-176 | ||
| 245 | |a Reines de Sabà [Recurs electrònic] : |b indumentària tradicional de Yemen : |b de l'1 d'abril al 31 de desembre de 2004 | ||
| 260 | |a Terrassa : |b Centre de Documentació i Museu Tèxtil de Terrassa, |c 2004 | ||
| 300 | |a 1 disc òptic (CD-ROM) ; |c 12 cm | ||
| 590 | |a Inclou: dossier en català i castellà i fotografies. | ||
| 590 | |a L'exposició forma part del Fòrum Universal de les Cultures | ||
| 650 | |a Teixits i tèxtils |x Yemen |9 38306 | ||
| 710 | 2 | |a Centre de Documentació i Museu Tèxtil (Terrassa, Catalunya) |9 54995 | |
| 901 | |a Arxiu | ||
| 942 | |n 1 | ||
| 952 | |0 0 |1 0 |4 0 |6 CD1176 |7 1 |9 48363 |a Arxiu |b Arxiu |d 2016-12-01 |l 0 |o CD-1-176 |p 22990 |r 2016-12-01 00:00:00 |w 2016-12-01 |y ARXIU | ||
| 999 | |c 52169 |d 52169 | ||